ARRUPE JESUIT UNIVERSITY

CORONAVIRUS -STOP THE SPREAD - CLEAN,DISINFECT,COVER

General anthropology, (Record no. 67321)

MARC details
000 -LEADER
fixed length control field 01059cam a22003131 4500
001 - CONTROL NUMBER
control field 7925154
003 - CONTROL NUMBER IDENTIFIER
control field ARRUPE
005 - DATE AND TIME OF LATEST TRANSACTION
control field 20170928113801.0
008 - FIXED-LENGTH DATA ELEMENTS--GENERAL INFORMATION
fixed length control field 721113t19631955nyu b 000 0 eng
010 ## - LIBRARY OF CONGRESS CONTROL NUMBER
LC control number 55012151
035 ## - SYSTEM CONTROL NUMBER
System control number (OCoLC)492765
040 ## - CATALOGING SOURCE
Original cataloging agency DLC
Transcribing agency ODaWU
Modifying agency OCoLC
-- DLC
042 ## - AUTHENTICATION CODE
Authentication code premarc
050 00 - LIBRARY OF CONGRESS CALL NUMBER
Classification number GN33
Item number .J3 1955
082 ## - DEWEY DECIMAL CLASSIFICATION NUMBER
Classification number 572.02
300 ## - PHYSICAL DESCRIPTION
Dimensions 22 cm.
100 1# - MAIN ENTRY--PERSONAL NAME
Personal name Jacobs, Melville,
Dates associated with a name 1902-
9 (RLIN) 36253
245 10 - TITLE STATEMENT
Title General anthropology,
Statement of responsibility, etc by Melville Jacobs [and] Bernhard J. Stern.
250 ## - EDITION STATEMENT
Edition statement [2d ed.]
260 ## - PUBLICATION, DISTRIBUTION, ETC. (IMPRINT)
Place of publication, distribution, etc N[ew] Y[ork]
Name of publisher, distributor, etc Barnes & Noble
Date of publication, distribution, etc [1963, c1955]
300 ## - PHYSICAL DESCRIPTION
Extent xiii, 338 p.
440 #0 - SERIES STATEMENT/ADDED ENTRY--TITLE
Title College outline series,
Volume number/sequential designation 20
9 (RLIN) 36541
500 ## - GENERAL NOTE
General note First ed. published in 1947 under title: Outlines of anthropology.
504 ## - BIBLIOGRAPHY, ETC. NOTE
Bibliography, etc Includes bibliographies.
650 #0 - SUBJECT ADDED ENTRY--TOPICAL TERM
Topical term or geographic name as entry element Anthropology
General subdivision Outlines, syllabi, etc.
9 (RLIN) 36255
700 1# - ADDED ENTRY--PERSONAL NAME
Personal name Stern, Bernhard Joseph,
Dates associated with a name 1894-1956,
Relator term joint author.
9 (RLIN) 36542
906 ## - LOCAL DATA ELEMENT F, LDF (RLIN)
a 7
b cbc
c oclcrpl
d u
e ncip
f 19
g y-gencatlg
942 ## - ADDED ENTRY ELEMENTS (KOHA)
Source of classification or shelving scheme Library of Congress Classification
Koha item type Monograph ( Printed materials)
Holdings
Withdrawn status Lost status Source of classification or shelving scheme Damaged status Not for loan Collection code Home library Current library Shelving location Date acquired Total Checkouts Full call number Barcode Date last seen Date checked out Copy number Price effective from Koha item type
    Library of Congress Classification     Main Collection ARRUPE LIBRARY ARRUPE LIBRARY   05/03/2013 2 GN33.J3 1955 46004004061 09/04/2018 21/03/2017 1 05/03/2013 Monograph ( Printed materials)

 

Arrupe Library. PO Box MP320 Mt Pleasant, Harare, Zimbabwe
263 242 745411|librarian@aju.ac.zw